[Event "Mid Bohemia Region-chT 2223"]
[Site "Czech Republic"]
[Date "2023.04.02"]
[Round "11.7"]
[White "Dudek, Jaromir1111"]
[Black "Zbanek, Jan"]
[Result "1/2-1/2"]
[WhiteElo "1929"]
[BlackElo "1707"]
[PlyCount "55"]
[EventDate "2022.10.09"]
[EventType "team-tourn"]
[EventRounds "11"]
[EventCountry "CZE"]
[SourceTitle "EXT 2024"]
[Source "ChessBase"]
[SourceDate "2023.10.10"]
[SourceVersion "1"]
[SourceVersionDate "2023.10.10"]
[SourceQuality "1"]
[WhiteTeam "Nymburk Sokol"]
[BlackTeam "Brodce"]
[WhiteTeamCountry "CZE"]
[BlackTeamCountry "CZE"]

1. f4 Nf6 2. Nf3 g6 3. b3 Bg7 4. Bb2 d6 5. e3 0-0 6. Be2 Nc6 7. 0-0 Re8 8. Nc3 Nd7 9. Na4 Bxb2 10. Nxb2 e5 11. fxe5 Ndxe5 12. Nxe5 Nxe5 13. Nc4 d5 14. Nxe5 Rxe5 15. Bd3 Qg5 16. Qf3 Bf5 17. Rf2 Rf8 18. Raf1 Bxd3 19. cxd3 c6 20. Qh3 Kg7 21. Rf4 Qe7 22. Qf3 Re6 23. Qg3 Qc7 24. Qh3 Qe7 25. Rh4 Rh8 26. Qg3 Rf6 27. Re1 Qd6 28. Qxd6 1/2-1/2

[Event "Mid Bohemia Region-chT 2223"]
[Site "Czech Republic"]
[Date "2023.03.19"]
[Round "10.8"]
[White "Pressler, Tobias"]
[Black "Zbanek, Jan"]
[Result "1-0"]
[WhiteElo "1913"]
[BlackElo "1707"]
[PlyCount "139"]
[EventDate "2022.10.09"]
[EventType "team-tourn"]
[EventRounds "11"]
[EventCountry "CZE"]
[SourceTitle "EXT 2024"]
[Source "ChessBase"]
[SourceDate "2023.10.10"]
[SourceVersion "1"]
[SourceVersionDate "2023.10.10"]
[SourceQuality "1"]
[WhiteTeam "Ricany III"]
[BlackTeam "Brodce"]
[WhiteTeamCountry "CZE"]
[BlackTeamCountry "CZE"]

1. e4 e6 2. d4 d5 3. exd5 exd5 4. Qf3 Bd6 5. Bd3 Ne7 6. Ne2 Be6 7. Bf4 Nbc6 8. c3 a6 9. Nd2 Ng6 10. Bxd6 Qxd6 11. Bxg6 hxg6 12. h3 0-0-0 13. 0-0-0 g5 14. Rde1 Ne7 15. Ng3 g6 16. Qe3 Qf4 17. Nf3 Qxe3+ 18. Rxe3 g4 19. hxg4 Rxh1+ 20. Nxh1 Kd7 21. Ne5+ Ke8 22. f3 Kf8 23. Ng3 Kg7 24. Kd2 Rh8 25. Ke1 Nc8 26. Nxg6 Kxg6 27. Kf2 Nd6 28. b3 Re8 29. Ne2 c6 30. Nf4+ Kf6 31. Re5 Ke7 32. g5 Kd7 33. g4 Nb5 34. Re3 Kd6 35. a4 Nc7 36. g6 fxg6 37. Nxg6 Bf7 38. Ne5 Re7 39. f4 Ne6 40. Kg3 Be8 41. f5 Ng5 42. Kf4 Ne4 43. Rh3 Rg7 44. Rh6+ Ke7 45. Nf3 Kf8 46. g5 Kg8 47. g6 Nxc3 48. Ng5 Ne4 49. Nxe4 dxe4 50. Kxe4 Re7+ 51. Kf4 Re1 52. Kg5 Re3 53. Kf6 Rg3 54. b4 b6 55. a5 bxa5 56. bxa5 Rg1 57. Ke5 Rg2 58. Rh7 Bxg6 59. fxg6 Rxg6 60. Ra7 Rg5+ 61. Kd6 Rxa5 62. Kxc6 Kf8 63. d5 Ra1 64. Ra8+ Kf7 65. d6 Rc1+ 66. Kd7 Ra1 67. Ra7 Kf8 68. Kd8 Rc1 69. Rc7 Rd1 70. d7 1-0

[Event "Mid Bohemia Region-chT 2223"]
[Site "Czech Republic"]
[Date "2023.02.26"]
[Round "9.7"]
[White "Zbanek, Jan"]
[Black "Sedivy, Ondrej"]
[Result "1/2-1/2"]
[WhiteElo "1707"]
[BlackElo "1787"]
[PlyCount "51"]
[EventDate "2022.10.09"]
[EventType "team-tourn"]
[EventRounds "11"]
[EventCountry "CZE"]
[SourceTitle "EXT 2024"]
[Source "ChessBase"]
[SourceDate "2023.10.10"]
[SourceVersion "1"]
[SourceVersionDate "2023.10.10"]
[SourceQuality "1"]
[WhiteTeam "Brodce"]
[BlackTeam "Cesky Brod"]
[WhiteTeamCountry "CZE"]
[BlackTeamCountry "CZE"]

1. e4 e6 2. d4 d5 3. exd5 exd5 4. Bd3 Bd6 5. Nf3 Nf6 6. Bg5 Bg4 7. 0-0 0-0 8. Nbd2 Nbd7 9. c3 c6 10. Qc2 Qc7 11. Rfe1 Rfe8 12. h3 Bh5 13. Bh4 Bg6 14. Bxg6 hxg6 15. b4 Bf4 16. Bg5 Bd6 17. a3 Nf8 18. Bxf6 gxf6 19. Nf1 Kg7 20. Ne3 Ne6 21. g3 Rh8 22. Kg2 Qd7 23. Ng4 Rh7 24. Rh1 Rah8 25. Rae1 Rh5 26. Qd2 1/2-1/2

[Event "Mid Bohemia Region-chT 2223"]
[Site "Czech Republic"]
[Date "2023.02.12"]
[Round "8.6"]
[White "Zbanek, Jan"]
[Black "Vavra, Stanislav"]
[Result "1/2-1/2"]
[WhiteElo "1707"]
[BlackElo "1917"]
[PlyCount "46"]
[EventDate "2022.10.09"]
[EventType "team-tourn"]
[EventRounds "11"]
[EventCountry "CZE"]
[SourceTitle "EXT 2024"]
[Source "ChessBase"]
[SourceDate "2023.10.10"]
[SourceVersion "1"]
[SourceVersionDate "2023.10.10"]
[SourceQuality "1"]
[WhiteTeam "Brodce"]
[BlackTeam "Vlasim II"]
[WhiteTeamCountry "CZE"]
[BlackTeamCountry "CZE"]

1. e4 d5 2. Nc3 d4 3. Nce2 e5 4. d3 Be6 5. g3 Nc6 6. f4 Nf6 7. Bh3 Bxh3 8. Nxh3 Qd7 9. Nf2 g6 10. 0-0 0-0-0 11. fxe5 Nxe5 12. Bf4 Nc6 13. a3 h5 14. h3 Bh6 15. Qd2 Ne5 16. Kg2 Bxf4 17. Qxf4 Qe6 18. Nd1 Nh7 19. b3 Rhf8 20. Qh6 Rh8 21. Qf4 Rhf8 22. Qh6 Rh8 23. Qf4 Rhf8 1/2-1/2

[Event "Mid Bohemia Region-chT 2223"]
[Site "Czech Republic"]
[Date "2022.11.27"]
[Round "4.7"]
[White "Rezac, Jindrich"]
[Black "Zbanek, Jan"]
[Result "1/2-1/2"]
[WhiteElo "1779"]
[BlackElo "1707"]
[PlyCount "57"]
[EventDate "2022.10.09"]
[EventType "team-tourn"]
[EventRounds "11"]
[EventCountry "CZE"]
[SourceTitle "EXT 2024"]
[Source "ChessBase"]
[SourceDate "2023.10.10"]
[SourceVersion "1"]
[SourceVersionDate "2023.10.10"]
[SourceQuality "1"]
[WhiteTeam "Mlada Boleslav Skoda"]
[BlackTeam "Brodce"]
[WhiteTeamCountry "CZE"]
[BlackTeamCountry "CZE"]

1. c4 Nf6 2. d4 d6 3. g3 g6 4. Bg2 Bg7 5. Nc3 0-0 6. Nf3 Nbd7 7. 0-0 e5 8. dxe5 dxe5 9. Qc2 c6 10. b3 Qc7 11. Bb2 Re8 12. e4 Nc5 13. Rad1 Bg4 14. h3 Bxf3 15. Bxf3 Rad8 16. Bg2 Ne6 17. Ne2 c5 18. Nc3 Nd4 19. Qb1 Bh6 20. Nd5 Nxd5 21. cxd5 b6 22. Qd3 Qd6 23. h4 Re7 24. Bh3 Qf6 25. Bg2 Qd6 26. Bh3 Qf6 27. Bg2 Qd6 28. Bh3 Qf6 29. Bg2 1/2-1/2